000 01591nam a2200361 c 4500
003 BLK
005 20180420214023.0
008 180412b bul|||||r ||||||| ||bul||
010 _aKNG00007049000
040 _aBLK
041 _aBUL
_cBUL
080 _aПодреждане и аранжиране на цветя - Изработване на букети, гирлянди, венци, аранжиране в вази и др. съдове, икебана и др. на сушени растения, семена
_b745.9
_x
_z745.9
080 _aДекоративни растения. Декоративно градинарство
_b635.9
_x
_z635.9
100 1 _aЛазарова, Ерика
_eпърви автор
_9250673
700 1 _aЛазарова, Даня
_eсъавт.
_9250674
139 _aЛазарова, Ерика и др.
_bЛ 14
245 1 0 _aЕзикът на цветята
_cЕрика Лазарова; съавт. Даня Лазарова.
257 _aBGR
260 София
_bХомо Футурус
_c1995
300 _a176 с.
_bс ил.
_c21 см
380 _a7
490 1 _aЗа всеки дом
500 _aАвт. не са отбелязани на кор. - 5 000 тир.
650 4 _aЦветя - аранжиране и символика
_9250675
650 4 _aБукети - аранжиране
_9149274
650 4 _aИкебана
_9156806
653 _aикебана
852 _aЦб 182579
856 4 _qpdf
_u
856 4 _qpdf
_u
942 _cKNG
_n0
944 _aCR
_c15.01.2003
_kИрена_Линкова
944 _aED
_c25.08.2015
_kВаля_Йорданова
999 _c5844
_d5844